Bram Stoker's Dracula / (Record no. 78052)
[ view plain ]
| 000 -LEADER | |
|---|---|
| fixed length control field | 03276cgm a2200733Ia 4500 |
| 001 - CONTROL NUMBER | |
| control field | ocm38961151 |
| 003 - CONTROL NUMBER IDENTIFIER | |
| control field | OCoLC |
| 005 - DATE AND TIME OF LATEST TRANSACTION | |
| control field | 20250915115910.0 |
| 007 - PHYSICAL DESCRIPTION FIXED FIELD--GENERAL INFORMATION | |
| fixed length control field | vd cvaizk |
| 008 - FIXED-LENGTH DATA ELEMENTS--GENERAL INFORMATION | |
| fixed length control field | 980416p19971992cau130 e vleng d |
| 020 ## - INTERNATIONAL STANDARD BOOK NUMBER | |
| International Standard Book Number | 0800177177 |
| 020 ## - INTERNATIONAL STANDARD BOOK NUMBER | |
| International Standard Book Number | 9780800177171 |
| 024 10 - OTHER STANDARD IDENTIFIER | |
| Standard number or code | 043396514195 |
| 028 42 - PUBLISHER NUMBER | |
| Publisher number | 51419 |
| Source | Columbia TriStar Home Video |
| 029 1# - (OCLC) | |
| OCLC library identifier | AU@ |
| System control number | 000021839988 |
| 029 1# - (OCLC) | |
| OCLC library identifier | NZ1 |
| System control number | 13576617 |
| 035 ## - SYSTEM CONTROL NUMBER | |
| System control number | (OCoLC)38961151 |
| Canceled/invalid control number | (OCoLC)45181881 |
| -- | (OCoLC)53213600 |
| 040 ## - CATALOGING SOURCE | |
| Original cataloging agency | SDE |
| Transcribing agency | SDE |
| Modifying agency | CUY |
| -- | OCL |
| -- | EMU |
| -- | TMI |
| -- | ONU |
| -- | OCLCQ |
| -- | MUQ |
| -- | RCS |
| -- | GK8 |
| -- | BTCTA |
| -- | OCLCQ |
| -- | VP@ |
| -- | OCLCA |
| -- | UINTA |
| Description conventions | rda |
| 041 1# - LANGUAGE CODE | |
| Language code of text/sound track or separate title | eng |
| -- | fre |
| -- | spa |
| Language code of original and/or intermediate translations of text | eng |
| 043 ## - GEOGRAPHIC AREA CODE | |
| Geographic area code | e-uk-en |
| 049 ## - LOCAL HOLDINGS (OCLC) | |
| Holding library | UCLB |
| 050 #4 - LIBRARY OF CONGRESS CALL NUMBER | |
| Classification number | PN1997 |
| Item number | .D6882 1997 |
| 082 04 - DEWEY DECIMAL CLASSIFICATION NUMBER | |
| Classification number | 791.43/72 |
| Edition number | 22 |
| 092 ## - LOCALLY ASSIGNED DEWEY CALL NUMBER (OCLC) | |
| Classification number | movie |
| Item number | bram stoker's dracula |
| 245 00 - TITLE STATEMENT | |
| Title | Bram Stoker's Dracula / |
| Statement of responsibility, etc | Columbia Pictures. |
| 246 3# - VARYING FORM OF TITLE | |
| Title proper/short title | Dracula |
| 260 ## - PUBLICATION, DISTRIBUTION, ETC. (IMPRINT) | |
| Place of publication, distribution, etc | Culver City, Calif. : |
| Name of publisher, distributor, etc | Columbia TriStar Home Video, |
| Date of publication, distribution, etc | c1997. |
| 264 ## - Production, Publication, Distribution, Manufacture, and Copyright Notice. | |
| Place of production, publication, distribution, manufacture | Culver City, Calif. : |
| Name of producer, publisher, distributor, manufacturer | Columbia TriStar Home Video, |
| Date of production, publication, distribution, manufacture, or copyr | c1997. |
| 300 ## - PHYSICAL DESCRIPTION | |
| Extent | 1 videodisc (ca. 130 min.) : |
| Other physical details | sd., col. ; |
| Dimensions | 4 3/4 in. |
| 500 ## - GENERAL NOTE | |
| General note | Widescreen format (aspect ratio 1.85:1) on side A, standard ormat on side B. |
| 500 ## - GENERAL NOTE | |
| General note | Originally released as a motion picture in 1992. |
| 500 ## - GENERAL NOTE | |
| General note | Based on the novel by Bram Stoker. |
| 508 ## - CREATION/PRODUCTION CREDITS NOTE | |
| Creation/production credits note | Director of photography, Michael Ballhaus ; music, Wojcieck Kilar ; editors, Nicholas C. Smith, Glen Scantlebury, Anne Goursaud ; costumes designed by Eiko Ishioka. |
| 511 1# - PARTICIPANT OR PERFORMER NOTE | |
| Participant or performer note | Gary Oldman, Winona Ryder, Anthony Hopkins, Keanu Reeves, Richard E. Grant, Cary Elwes, Bill Campbell, Sadie Frost, Tom Waits. |
| 520 ## - SUMMARY, ETC. | |
| Summary, etc | The tortured journey of the devastatingly seductive Transylvanian Prince as he moves from Eastern Europe to 19th century London in search of his reincarnated long-lost love. |
| 521 8# - TARGET AUDIENCE NOTE | |
| Target audience note | MPAA rating: R. |
| 538 ## - SYSTEM DETAILS NOTE | |
| System details note | DVD. |
| 546 ## - LANGUAGE NOTE | |
| Language note | English, Spanish, or French language soundtrack with optional subtitles available in Spanish and Korean ; closed-captioned in English for the hearing impaired. |
| 586 ## - AWARDS NOTE | |
| Awards note | Academy Awards: Best Costume Design, Best Make-up, Best Sound Effects Editing |
| 600 10 - SUBJECT ADDED ENTRY--PERSONAL NAME | |
| Personal name | Stoker, Bram, |
| Dates associated with a name | 1847-1912 |
| Form subdivision | Film adaptations. |
| 9 (RLIN) | 6223444 |
| 650 #0 - SUBJECT ADDED ENTRY--TOPICAL TERM | |
| Topical term or geographic name as entry element | Vampires |
| Geographic subdivision | England |
| -- | London |
| Form subdivision | Drama. |
| 9 (RLIN) | 6513894 |
| 650 #0 - SUBJECT ADDED ENTRY--TOPICAL TERM | |
| Topical term or geographic name as entry element | Dracula, Count (Fictitious character) |
| Form subdivision | Drama. |
| 9 (RLIN) | 6439818 |
| 650 #0 - SUBJECT ADDED ENTRY--TOPICAL TERM | |
| Topical term or geographic name as entry element | Man-woman relationships |
| Form subdivision | Drama. |
| 9 (RLIN) | 5673977 |
| 651 #0 - SUBJECT ADDED ENTRY--GEOGRAPHIC NAME | |
| Geographic name | London (England) |
| Form subdivision | Drama. |
| 9 (RLIN) | 5703301 |
| 655 #0 - INDEX TERM--GENRE/FORM | |
| Genre/form data or focus term | Feature films. |
| 9 (RLIN) | 6223450 |
| 655 #0 - INDEX TERM--GENRE/FORM | |
| Genre/form data or focus term | Horror films. |
| 9 (RLIN) | 6223451 |
| 655 #0 - INDEX TERM--GENRE/FORM | |
| Genre/form data or focus term | Vampire films. |
| 9 (RLIN) | 5684801 |
| 655 #0 - INDEX TERM--GENRE/FORM | |
| Genre/form data or focus term | Dracula films. |
| 9 (RLIN) | 5837314 |
| 655 #0 - INDEX TERM--GENRE/FORM | |
| Genre/form data or focus term | Video recordings for the hearing impaired. |
| 9 (RLIN) | 6223452 |
| 700 1# - ADDED ENTRY--PERSONAL NAME | |
| Personal name | Coppola, Francis Ford, |
| Dates associated with a name | 1939- |
| 9 (RLIN) | 13538 |
| 700 1# - ADDED ENTRY--PERSONAL NAME | |
| Personal name | Fuchs, Fred. |
| 9 (RLIN) | 28980 |
| 700 1# - ADDED ENTRY--PERSONAL NAME | |
| Personal name | Mulvehill, Charles. |
| 9 (RLIN) | 76115 |
| 700 1# - ADDED ENTRY--PERSONAL NAME | |
| Personal name | Hart, James V. |
| 9 (RLIN) | 38136 |
| 700 1# - ADDED ENTRY--PERSONAL NAME | |
| Personal name | Oldman, Gary. |
| 9 (RLIN) | 39413 |
| 700 1# - ADDED ENTRY--PERSONAL NAME | |
| Personal name | Ryder, Winona, |
| Dates associated with a name | 1971- |
| 9 (RLIN) | 60473 |
| 700 1# - ADDED ENTRY--PERSONAL NAME | |
| Personal name | Hopkins, Anthony, |
| Dates associated with a name | 1937- |
| 9 (RLIN) | 4319 |
| 700 1# - ADDED ENTRY--PERSONAL NAME | |
| Personal name | Reeves, Keanu. |
| 9 (RLIN) | 6223453 |
| 700 1# - ADDED ENTRY--PERSONAL NAME | |
| Personal name | Stoker, Bram, |
| Dates associated with a name | 1847-1912. |
| Title of a work | Dracula. |
| 9 (RLIN) | 40193 |
| 710 2# - ADDED ENTRY--CORPORATE NAME | |
| Corporate name or jurisdiction name as entry element | Columbia Pictures. |
| 9 (RLIN) | 23896 |
| 710 2# - ADDED ENTRY--CORPORATE NAME | |
| Corporate name or jurisdiction name as entry element | American Zoetrope (Firm) |
| 9 (RLIN) | 63096 |
| 710 2# - ADDED ENTRY--CORPORATE NAME | |
| Corporate name or jurisdiction name as entry element | Osiris Films (Firm) |
| 9 (RLIN) | 6223454 |
| 710 2# - ADDED ENTRY--CORPORATE NAME | |
| Corporate name or jurisdiction name as entry element | Columbia TriStar Home Video (Firm) |
| 9 (RLIN) | 60971 |
| 942 ## - ADDED ENTRY ELEMENTS (KOHA) | |
| Koha item type | Blu-ray/DVD |
| Source of classification or shelving scheme | Dewey Decimal Classification |
| Withdrawn status | Lost status | Source of classification or shelving scheme | Materials specified (bound volume or other part) | Damaged status | Not for loan | Collection code | Home library | Current library | Shelving location | Date acquired | Source of acquisition | Total Checkouts | Full call number | Barcode | Date last seen | Date checked out | Cost, replacement price | Price effective from | Koha item type |
|---|---|---|---|---|---|---|---|---|---|---|---|---|---|---|---|---|---|---|---|
| Dewey Decimal Classification | 1 blu-ray, 1 dvd | Movies | Wasatch County Library | Wasatch County Library | Audio Visual Area | 12/05/2019 | Donation | 9 | Movie Dracula | 34301001650524 | 11/13/2025 | 11/10/2025 | 30.00 | 03/20/2020 | Blu-ray/DVD |
